[Event "Challenge"]
[Site "http://www.queenalice.com/game.php?id=734351"]
[Date "2010.2.19"]
[Round "-"]
[White "assinho"]
[Black "celsolrc"]
[Result "0-1"]
[WhiteElo "1500"]
[BlackElo "2009"]

1. d4 e6 2. c4 c5 3. Nf3 cxd4 4. Nxd4 Nc6 5. Nc3 Bc5 6. e4 Bxd4 7. Nb5 Be5 8. f4
Bb8 9. Nd6+ Bxd6 10. Qxd6 Nge7 11. Bd3 O-O 12. O-O Ng6 13. f5 Nge5 14. f6 gxf6
15. Bh6 Re8 16. Rf4 Ng6 17. h4 Nce5 18. Raf1 Nxf4 19. Rxf4 Ng6 20. h5 Qe7 21.
Qxe7 Nxe7 22. Rg4+ Ng6 23. hxg6 fxg6 24. e5 f5 25. Rg5 Kf7 26. g4 b6 27. gxf5
exf5 28. c5 Rxe5 29. Bc4+ Ke7 30. Rg3 Bb7 31. Bg7 Rxc5 32. Re3+ Be4 33. b3 a6
34. Rh3 d5 35. Be2 h5 36. Rg3 Kf7 37. Bd4 Rc1+ 38. Kf2 b5 39. b4 Rac8 40. Be3
Rh1 41. Rg5 Rc2 42. Bf4 h4 43. Ke3 Re1 44. Kd4 Rexe2 0-1

[Event "Challenge"]
[Site "http://www.queenalice.com/game.php?id=734651"]
[Date "2010.2.19"]
[Round "-"]
[White "Rutty"]
[Black "assinho"]
[Result "0-1"]
[WhiteElo "1979"]
[BlackElo "1500"]

1. e4 e6 2. d4 d5 3. e5 c5 4. c3 Nc6 5. Nf3 Qb6 6. Be2 cxd4 7. cxd4 Nge7 8. O-O
Nf5 9. Nc3 Nfxd4 10. Bb5 Nxb5 11. Nxb5 Qxb5 12. b3 Bc5 13. Bb2 O-O 14. Rc1 b6
15. h4 Ba6 16. Re1 Qd3 17. Qxd3 Bxd3 18. a3 Rac8 19. Rc3 Be4 20. b4 Bxf3 21.
bxc5 Be4 22. cxb6 axb6 23. f3 Bg6 24. Rec1 Ne7 25. g4 Rxc3 26. Rxc3 Rc8 27. Rb3
Rc6 28. Bd4 Nc8 29. Kf2 Bc2 30. Rb2 Ba4 31. Ke3 b5 32. f4 Nb6 33. Bxb6 Rxb6 34.
f5 Kf8 35. fxe6 fxe6 36. Rb4 Rc6 0-1

[Event "Challenge"]
[Site "http://www.queenalice.com/game.php?id=734656"]
[Date "2010.2.19"]
[Round "-"]
[White "bomfim"]
[Black "assinho"]
[Result "1/2-1/2"]
[WhiteElo "2080"]
[BlackElo "1500"]

1. c4 e5 2. Nc3 Nf6 3. g3 c6 4. Bg2 Be7 5. e3 d6 6. d4 Nbd7 7. Nge2 O-O 8. O-O
Nb6 9. b3 Bd7 10. Bb2 Qc8 11. dxe5 dxe5 12. Re1 Bb4 13. a3 Bxc3 14. Bxc3 Re8 15.
Qd2 Bh3 16. Bh1 Qf5 17. Rad1 Ne4 18. Bxe4 Qxe4 19. f3 Qxf3 20. Nc1 Rad8 21. Qe2
Qe4 22. Qf2 Nd7 23. Nd3 Qg4 24. Nxe5 Nxe5 25. Rxd8 Rxd8 26. Bxe5 Rd3 27. Qf4
Rxb3 28. Bd4 Qxf4 29. exf4 f6 30. Bxa7 Kf7 31. Bc5 b6 32. Bd6 Rd3 33. c5 b5 34.
Ra1 Rd4 35. Re1 Be6 36. Kf2 Ra4 37. Re3 Bd5 38. f5 Re4 39. Rxe4 Bxe4 40. g4 g6
41. fxg6+ hxg6 42. Ke3 f5 43. gxf5 gxf5 44. Kf4 Kg6 45. h4 1/2-1/2

[Event "AUTO-OPEN-1887"]
[Site "http://www.queenalice.com/game.php?id=734853"]
[Date "2010.2.20"]
[Round "1"]
[White "Murderface"]
[Black "assinho"]
[Result "0-1"]
[WhiteElo "1997"]
[BlackElo "1500"]

1. e4 e6 2. d4 d5 3. exd5 exd5 4. Nf3 Bd6 5. Nc3 Ne7 6. Bg5 f6 7. Bh4 O-O 8. Bd3
Bf5 9. Bxf5 Nxf5 10. O-O c6 11. Re1 Nd7 12. Qd3 Nxh4 13. Nxh4 Qc7 14. g3 Nb6 15.
Nf5 Rfe8 16. Qf3 Bb4 17. Re3 Nc4 18. Rxe8+ Rxe8 19. Ne2 Nd2 20. Qg4 Re4 21. Nf4
Bd6 22. Nxd6 Qxd6 23. Qc8+ Kf7 24. Qxb7+ Re7 25. Qc8 g5 26. Nh5 Nf3+ 27. Kg2
Nxd4 28. Rd1 Qe5 29. h4 Qe4+ 30. Kh3 f5 31. Rxd4 Qh1# 0-1

[Event "AUTO-OPEN-1887"]
[Site "http://www.queenalice.com/game.php?id=734854"]
[Date "2010.2.20"]
[Round "1"]
[White "assinho"]
[Black "Murderface"]
[Result "0-1"]
[WhiteElo "1500"]
[BlackElo "1999"]

1. d4 c6 2. e4 d5 3. Nc3 dxe4 4. Nxe4 Bf5 5. Ng3 Bg6 6. h4 h6 7. Nf3 e6 8. h5
Bh7 9. Bd3 Bxd3 10. Qxd3 Nf6 11. Bd2 Bd6 12. O-O-O Bxg3 13. fxg3 Ng4 14. Qe2 Nd7
15. Nh4 Ngf6 16. Bb4 Qb6 17. Bd6 c5 18. Nf5 Rg8 19. Bxc5 Nxc5 20. dxc5 Qxc5 21.
Nd6+ Ke7 22. Rh4 Rgd8 23. Nxb7 Rxd1+ 24. Qxd1 Qg5+ 25. Kb1 Qxg3 26. Rd4 Nd5 27.
c4 Nb6 28. Rd7+ Nxd7 29. c5 Qc7 30. Qf3 Ne5 31. Qe4 Rb8 32. c6 Nxc6 33. Nc5 Qb6
34. Nb3 Qg1+ 35. Kc2 Nb4+ 0-1

[Event "AUTO-OPEN-1887"]
[Site "http://www.queenalice.com/game.php?id=734872"]
[Date "2010.2.20"]
[Round "1"]
[White "m_KP"]
[Black "assinho"]
[Result "0-1"]
[WhiteElo "1129"]
[BlackElo "1495"]

1. e4 e6 2. d3 d5 3. Nd2 Nf6 4. Qe2 Be7 5. h3 O-O 6. Nb3 dxe4 7. dxe4 b6 8. Bd2
Bb7 9. O-O-O Qc8 10. f3 Nc6 11. c3 a5 12. a4 Ba6 13. c4 Rd8 14. g4 Qd7 15. g5
Nh5 16. Qg2 Nd4 17. Bxa5 Nxb3+ 18. Kc2 Qxd1+ 19. Kc3 Bc5 20. g6 Bd4+ 21. Kb4 c5+
0-1

[Event "Challenge"]
[Site "http://www.queenalice.com/game.php?id=735769"]
[Date "2010.2.21"]
[Round "-"]
[White "assinho"]
[Black "shogun"]
[Result "0-1"]
[WhiteElo "1500"]
[BlackElo "2644"]

1. d4 Nf6 2. c4 e6 3. Nf3 d5 4. Nc3 Bb4 5. Bg5 Nbd7 6. e3 c5 7. cxd5 exd5 8. a3
Bxc3+ 9. bxc3 Qa5 10. Qc2 Ne4 11. Rc1 Qxa3 12. Bd3 Nxg5 13. Nxg5 h6 14. Nf3 c4
15. Be2 O-O 16. O-O Re8 17. Nd2 Nf6 18. Bf3 Bg4 19. Bxg4 Nxg4 20. Qf5 Nf6 21.
Nf3 Ne4 22. Qxd5 Nxc3 23. Qxc4 Rac8 24. Qd3 Ne2+ 25. Qxe2 Rxc1 26. Rxc1 Qxc1+
27. Ne1 a5 28. Kf1 Rc8 29. g3 a4 30. Kg2 a3 31. Nd3 Qc2 32. Qxc2 Rxc2 0-1

[Event "Chees World 3"]
[Site "http://www.queenalice.com/game.php?id=736550"]
[Date "2010.2.23"]
[Round "1"]
[White "assinho"]
[Black "luiz_gustavo"]
[Result "1-0"]
[WhiteElo "1500"]
[BlackElo "1901"]

1. d4 d5 2. c4 c6 3. Nf3 Nf6 4. Nc3 Bf5 5. e3 e6 6. Be2 Be7 7. O-O O-O 8. Ne5
Nbd7 9. Nxd7 Qxd7 10. Bd3 Bxd3 11. Qxd3 Rfe8 12. cxd5 cxd5 13. Bd2 a6 14. e4
dxe4 15. Nxe4 Nxe4 16. Qxe4 Bf6 17. Bc3 b5 18. Rfd1 Red8 19. Rd3 a5 20. Rad1 b4
21. Be1 Ra6 22. d5 Rd6 23. dxe6 Qxe6 24. Qxe6 1-0

[Event "Chees World 3"]
[Site "http://www.queenalice.com/game.php?id=736560"]
[Date "2010.2.23"]
[Round "2"]
[White "LUKK22"]
[Black "assinho"]
[Result "1-0"]
[WhiteElo "2299"]
[BlackElo "1500"]

1. g4 d5 2. Bg2 c6 3. c4 Bxg4 4. cxd5 cxd5 5. Qb3 e6 6. Qa4+ Qd7 7. Qxg4 Nf6 8.
Qf4 Bd6 9. Qg5 O-O 10. Nf3 h6 11. Qh4 Na6 12. Rg1 Ne4 13. Bh1 Be7 14. Qxh6 Bf6
15. d3 Nd6 16. Qxf6 1-0

[Event "AUTO-OPEN-1891"]
[Site "http://www.queenalice.com/game.php?id=737069"]
[Date "2010.2.24"]
[Round "1"]
[White "MF_Fine"]
[Black "assinho"]
[Result "1-0"]
[WhiteElo "1826"]
[BlackElo "1600"]

1. e4 e6 2. d4 d5 3. Nd2 dxe4 4. Nxe4 Nd7 5. Nf3 Ngf6 6. Bg5 Be7 7. Nxf6+ Nxf6
8. Bd3 b6 9. Bxf6 Bxf6 10. c3 Bb7 11. Qa4+ Qd7 12. Qxd7+ Kxd7 13. Ke2 Rad8 14.
Rad1 Kc8 15. b4 Rhe8 16. Rhe1 Rd7 17. a4 e5 18. dxe5 Bxe5 19. Kf1 Bxf3 20. gxf3
Rde7 21. Bb5 Rd8 22. Ba6+ Kb8 23. Rxd8# 1-0

[Event "AUTO-OPEN-1891"]
[Site "http://www.queenalice.com/game.php?id=737070"]
[Date "2010.2.24"]
[Round "1"]
[White "assinho"]
[Black "MF_Fine"]
[Result "0-1"]
[WhiteElo "1612"]
[BlackElo "1814"]

1. d4 d5 2. c4 c6 3. Nf3 dxc4 4. Nc3 e6 5. e3 b5 6. a4 Bb4 7. Bd2 Bxc3 8. Bxc3
Bd7 9. b3 cxb3 10. Qxb3 Qb6 11. axb5 cxb5 12. Ba5 Qb7 13. Rc1 Nc6 14. Bxb5 Nxa5
15. Bxd7+ Qxd7 16. Qb4 Nc6 17. Qa4 Nge7 18. O-O O-O 19. Rc5 Rfb8 20. Ne5 Nxe5
21. Qc2 Ng4 22. Rc1 Qd6 23. Rh5 Nf5 24. h3 Qh2+ 25. Kf1 Ngxe3+ 0-1

[Event "AUTO-OPEN-1891"]
[Site "http://www.queenalice.com/game.php?id=737093"]
[Date "2010.2.24"]
[Round "1"]
[White "goldenboy"]
[Black "assinho"]
[Result "0-1"]
[WhiteElo "2003"]
[BlackElo "1498"]

1. e4 e6 2. f4 d5 3. exd5 exd5 4. Nf3 Nf6 5. d4 Ne4 6. Bd3 f5 7. O-O c5 8. c3
Bd6 9. Bxe4 dxe4 10. Ne5 O-O 11. Be3 Qb6 12. dxc5 Bxc5 13. Qd5+ Be6 14. Qxc5
Qxb2 15. Nd2 Na6 16. Qd6 Rfe8 17. Nec4 Qxc3 18. Bd4 Qd3 19. Qe5 Re7 20. Qd6 Rae8
21. Rac1 Rd7 22. Qe5 Qxd4+ 23. Qxd4 Rxd4 24. Rfd1 Rc8 25. Nxe4 Rxe4 26. Nd6 Rxc1
27. Rxc1 Rxf4 28. Nxb7 Nb4 29. a3 Nd3 30. Rc3 Bc4 31. Nd6 Ne5 32. g3 Rd4 33.
Nxf5 Rd1+ 34. Kf2 Rf1+ 35. Ke3 Rxf5 36. Ke4 g6 37. h3 Bd3+ 38. Ke3 Bf1 39. h4
Rf3+ 0-1

[Event "AUTO-OPEN-1891"]
[Site "http://www.queenalice.com/game.php?id=737094"]
[Date "2010.2.24"]
[Round "1"]
[White "assinho"]
[Black "goldenboy"]
[Result "1-0"]
[WhiteElo "1500"]
[BlackElo "1988"]

1. d4 d5 2. c4 c6 3. Nf3 Nf6 4. Nc3 e6 5. Bg5 Nbd7 6. e3 Bb4 7. Bd3 Qa5 8. Qc2
Ne4 9. Bxe4 dxe4 10. Nd2 Bxc3 11. bxc3 Qxg5 12. Nxe4 Qxg2 13. Rf1 Qxh2 14. O-O-O
Nb6 15. c5 Nd5 16. Nd6+ Ke7 17. Rh1 Qg2 18. Rhg1 Qh3 19. Rxg7 Rf8 20. Rxh7 Qf3
21. Rdh1 b6 22. R1h3 Qg2 23. Rg3 Qf1+ 24. Kb2 Ba6 25. Rgg7 Bd3 26. Rxf7+ Rxf7
27. Rxf7+ Kd8 28. Qc1 Qe2+ 29. Ka3 Nc7 30. Qh1 Bh7 31. Qxh7 Qa6+ 32. Kb3 1-0

[Event "AUTO-OPEN-1891"]
[Site "http://www.queenalice.com/game.php?id=737107"]
[Date "2010.2.24"]
[Round "1"]
[White "jas70"]
[Black "assinho"]
[Result "1-0"]
[WhiteElo "1811"]
[BlackElo "1621"]

1. e4 e6 2. d4 d5 3. Nd2 dxe4 4. Nxe4 Nd7 5. Nf3 Ngf6 6. Nxf6+ Nxf6 7. Bd3 Be7
8. Qe2 b6 9. Bb5+ Bd7 10. Ne5 O-O 11. Nxd7 Nxd7 12. Bc6 Rb8 13. O-O Nf6 14. c3
Qd6 15. Bf3 c5 16. dxc5 Qxc5 17. Be3 Qc7 18. Rad1 Rfd8 19. g3 Bc5 20. Bf4 Bd6
21. Bg5 Rd7 22. Rd4 Nd5 23. Bxd5 exd5 24. Rfd1 Bc5 25. Rxd5 Rxd5 26. Rxd5 Qb7
27. Rd8+ Rxd8 28. Bxd8 Qd7 29. Bg5 f6 30. Bf4 Kf7 31. b4 Bd6 32. Qh5+ Kg8 33.
Qd5+ Kf8 34. Qxd6+ Qxd6 35. Bxd6+ Kf7 36. c4 Ke6 37. c5 bxc5 38. bxc5 a5 39. Kf1
Kd7 40. a4 Kc6 41. Ke2 g6 42. h4 f5 43. f3 Kd5 44. Kd3 h6 45. f4 h5 46. Bf8 1-0

[Event "AUTO-OPEN-1891"]
[Site "http://www.queenalice.com/game.php?id=737108"]
[Date "2010.2.24"]
[Round "1"]
[White "assinho"]
[Black "jas70"]
[Result "1-0"]
[WhiteElo "1497"]
[BlackElo "1820"]

1. d4 Nf6 2. c4 e6 3. Nf3 a6 4. Nc3 Bb4 5. Bg5 h6 6. Bh4 g5 7. Bg3 Ne4 8. Qc2
Nxc3 9. bxc3 Be7 10. e4 c6 11. d5 f6 12. Bd3 e5 13. O-O c5 14. Qa4 h5 15. h4 g4
16. Nd2 O-O 17. f4 d6 18. fxe5 Bd7 19. Qb3 b5 20. exd6 1-0

[Event "DIA FELIZ IV"]
[Site "http://www.queenalice.com/game.php?id=757768"]
[Date "2010.4.7"]
[Round "-"]
[White "perucona"]
[Black "assinho"]
[Result "1-0"]
[WhiteElo "1573"]
[BlackElo "1585"]

1. e4 e6 2. d4 d5 3. e5 c5 4. dxc5 Nc6 5. Be3 Nxe5 6. Bf4 Ng6 7. Bd2 Bxc5 8. Be3
Bxe3 9. fxe3 Qb6 10. b3 Qxe3+ 11. Qe2 Qc1+ 12. Qd1 Qxd1+ 13. Kxd1 Nf6 14. Nc3
O-O 15. Nge2 Bd7 16. Ng3 Rac8 17. Bb5 Rxc3 18. Kd2 Bxb5 19. Kxc3 Rc8+ 20. Kb2
Nf4 21. a4 Bd7 22. Rhf1 Nxg2 23. Rg1 Ne3 24. Rac1 d4 25. c3 dxc3+ 26. Ka3 Nfd5
27. h3 c2 28. Ne2 Nc3 29. Nd4 Nb1+ 30. Kb2 Nd1+ 31. Ka1 Ne3 32. Rge1 Nd5 33.
Nxc2 1-0

[Event "nereu"]
[Site "http://www.queenalice.com/game.php?id=764562"]
[Date "2010.4.22"]
[Round "-"]
[White "assinho"]
[Black "nereu"]
[Result "1-0"]
[WhiteElo "1587"]
[BlackElo "1406"]

1. d4 Nf6 2. c4 e6 3. Nf3 Bb4+ 4. Nc3 Nc6 5. Bg5 O-O 6. e4 Be7 7. Bd3 d6 8. O-O
b6 9. Qc2 Bb7 10. e5 dxe5 11. dxe5 Nh5 12. Bxh7+ Kh8 13. Bxe7 Qxe7 14. Be4 g6
15. Qd2 Rad8 16. Qh6+ 1-0

[Event "Challenge"]
[Site "http://www.queenalice.com/game.php?id=776692"]
[Date "2010.5.16"]
[Round "-"]
[White "Milpat"]
[Black "assinho"]
[Result "0-1"]
[WhiteElo "1700"]
[BlackElo "1598"]

1. e4 e6 2. d4 d5 3. Nc3 Bb4 4. e5 Ne7 5. a3 Bxc3+ 6. bxc3 c5 7. Qg4 O-O 8. Nf3
Ng6 9. h4 f6 10. exf6 Qxf6 11. Bd3 cxd4 12. Bg5 Qf7 13. Qxd4 Nc6 14. Qe3 Nf4 15.
Bxf4 Qxf4 16. Ng5 Qxe3+ 17. fxe3 h6 18. Nf3 e5 19. Bg6 Bf5 20. h5 Bxg6 21. hxg6
e4 22. Nh4 Ne5 23. Rb1 b6 24. Ke2 Nc4 25. a4 Rf6 26. Rb5 Raf8 27. Rxd5 Rf2+ 28.
Ke1 Rxc2 0-1

[Event "PRAÇA GILBRAN KHALIL X "]
[Site "http://www.queenalice.com/game.php?id=777139"]
[Date "2010.5.17"]
[Round "-"]
[White "perucona"]
[Black "assinho"]
[Result "1-0"]
[WhiteElo "1555"]
[BlackElo "1603"]

1. e4 e6 2. d4 d5 3. e5 c5 4. dxc5 Bxc5 5. Be3 Bxe3 6. fxe3 Qg5 7. Nc3 Qxe3+ 8.
Qe2 Qb6 9. b3 Nc6 10. O-O-O Qb4 11. Kd2 d4 12. Qd3 Qxc3+ 13. Qxc3 dxc3+ 14. Kxc3
Nxe5 15. Nf3 Nxf3 16. gxf3 1-0